[Event "Quebec-ch Amateur"]
[Site "Montreal CAN"]
[Date "2014.10.12"]
[Round "5"]
[White "Zhou, Qiyu"]
[Black "Bouchard, Jean-Marc"]
[Result "1-0"]
[WhiteElo "2111"]
[BlackElo "1957"]
[PlyCount "99"]
[EventDate "2014.10.10"]
[EventType "swiss"]
[EventRounds "7"]
[EventCountry "CAN"]

1. d4 d5 2. Nf3 e6 3. c4 f5 4. Bf4 Nf6 5. e3 c6 6. Nbd2 Be7 7. Bd3 Ne4 8. Ne5
O-O 9. f3 Nxd2 10. Qxd2 Nd7 11. O-O-O Nxe5 12. Bxe5 Bd6 13. Bxd6 Qxd6 14. f4
Bd7 15. Rhg1 Rae8 16. g4 Re7 17. Kb1 Ref7 18. Rg3 g6 19. h4 Rg7 20. Rh1 Kf7 21.
h5 Ke8 22. Qh2 Qe7 23. hxg6 hxg6 24. Qh6 Rfg8 25. g5 Kd8 26. Rgh3 Kc8 27. Qh4
Kb8 28. Qe1 c5 29. Qc3 Rc8 30. dxc5 dxc4 31. Bxc4 Bc6 32. Rc1 Be4+ 33. Bd3
Bxd3+ 34. Qxd3 e5 35. Rh2 exf4 36. exf4 Rd8 37. Qc4 Qc7 38. Rh6 Qc6 39. a3 Rgd7
40. Ka1 Rd5 41. Rh7 Rc8 42. Qb3 b6 43. Rg7 Ka8 44. Rxg6 Qd7 45. c6 Qd8 46. Rf6
Rd3 47. Qa4 Rd4 48. Qa6 Rc7 49. Rxf5 Qg8 50. Qb5 1-0

[Event "Quebec-ch Amateur"]
[Site "Montreal CAN"]
[Date "2014.10.12"]
[Round "5"]
[White "Zhu, Hong Rui"]
[Black "Bolduc, Steve"]
[Result "0-1"]
[WhiteElo "2193"]
[BlackElo "2292"]
[PlyCount "100"]
[EventDate "2014.10.10"]
[EventType "swiss"]
[EventRounds "7"]
[EventCountry "CAN"]

1. e4 e5 2. Nf3 Nf6 3. Nxe5 d6 4. Nxf7 Kxf7 5. d4 c5 6. c3 Qe8 7. Bd3 Be6 8.
O-O Kg8 9. f4 Bf7 10. Nd2 cxd4 11. cxd4 Nc6 12. d5 Nb4 13. Bb1 a5 14. Re1 Qd8
15. Nf3 Rc8 16. Be3 g6 17. Bd4 Bg7 18. a3 Na6 19. Bd3 Nc5 20. b4 Nxd3 21. Qxd3
h6 22. Rac1 Rxc1 23. Rxc1 Kh7 24. g3 Re8 25. Bxf6 Bxf6 26. Kg2 axb4 27. axb4
Qb6 28. Qc4 Re7 29. h4 Qe3 30. Re1 Qc3 31. Rc1 Qxc4 32. Rxc4 b5 33. Rc6 Rxe4
34. Rxd6 Kg7 35. Rd7 Kf8 36. Kf2 Ke8 37. Rd6 Bd4+ 38. Kf1 Bc3 39. h5 gxh5 40.
Rxh6 Bxd5 41. Rxh5 Bc4+ 42. Kg2 Be2 43. Rc5 Bxb4 44. Rd5 Bc3 45. Ng5 Re7 46. f5
b4 47. Ne6 Rxe6 48. fxe6 b3 49. Rd7 b2 50. Rb7 Bd3 0-1

[Event "Quebec-ch Amateur"]
[Site "Montreal CAN"]
[Date "2014.10.13"]
[Round "6"]
[White "Bolduc, Steve"]
[Black "Yu, Zong Yang"]
[Result "1/2-1/2"]
[WhiteElo "2292"]
[BlackElo "2321"]
[PlyCount "56"]
[EventDate "2014.10.10"]
[EventType "swiss"]
[EventRounds "7"]
[EventCountry "CAN"]

1. d4 Nf6 2. Nf3 c5 3. d5 e6 4. c4 b5 5. dxe6 fxe6 6. cxb5 d5 7. g3 Bd6 8. Bg2
O-O 9. O-O Nbd7 10. Nbd2 Bb7 11. e4 Qc7 12. Ng5 Rfe8 13. f4 dxe4 14. Ndxe4 Bf8
15. Qc2 Rad8 16. Bh3 Qb6 17. Re1 Nxe4 18. Nxe4 c4+ 19. Be3 Qxb5 20. Rad1 Nf6
21. Ng5 Rxd1 22. Rxd1 e5 23. Bd7 Bc6 24. a4 Qa6 25. Bxe8 Bxe8 26. fxe5 Bxa4 27.
Qd2 Bxd1 28. Qxd1 h6 1/2-1/2

[Event "Quebec-ch Amateur"]
[Site "Montreal CAN"]
[Date "2014.10.13"]
[Round "6"]
[White "Bouchard, Jean-Marc"]
[Black "Gauthier, Denis"]
[Result "1-0"]
[WhiteElo "1957"]
[BlackElo "1881"]
[PlyCount "104"]
[EventDate "2014.10.10"]
[EventType "swiss"]
[EventRounds "7"]
[EventCountry "CAN"]

1. Nf3 Nf6 2. g3 d5 3. Bg2 Bg4 4. c4 c6 5. cxd5 Nxd5 6. Qb3 Qb6 7. Qc4 Be6 8.
Qh4 Nd7 9. Nc3 N7f6 10. O-O h6 11. a3 Rg8 12. Qa4 O-O-O 13. e4 Nxc3 14. dxc3
Bb3 15. Qb4 Qxb4 16. axb4 Bc4 17. Re1 a6 18. Be3 g5 19. Bb6 Re8 20. Nd2 Be6 21.
c4 Nd7 22. Be3 Bg7 23. b5 Nb8 24. Rab1 Rd8 25. Red1 Bd4 26. bxa6 Nxa6 27. Nf1
c5 28. Bxd4 Rxd4 29. Rxd4 cxd4 30. b4 f6 31. Nd2 Rd8 32. f4 Bf7 33. e5 Bg6 34.
Bh3+ f5 35. Kf2 Kc7 36. Ke2 b6 37. Kd3 Nb8 38. Bg2 Nc6 39. Bxc6 Kxc6 40. Nf3
gxf4 41. Nxd4+ Kb7 42. gxf4 Ra8 43. Nc2 Bh5 44. Rg1 Bf3 45. Rg7 Rd8+ 46. Nd4
Be4+ 47. Kc3 Re8 48. Rh7 Kc7 49. Rxh6 Ra8 50. Nb5+ Kc8 51. Rxb6 Ra2 52. Kd4
Rxh2 1-0

[Event "Quebec-ch Amateur"]
[Site "Montreal CAN"]
[Date "2014.10.13"]
[Round "6"]
[White "Gueorguiev, Valentin"]
[Black "Robichaud, Louis"]
[Result "0-1"]
[WhiteElo "1922"]
[BlackElo "1982"]
[PlyCount "176"]
[EventDate "2014.10.10"]
[EventType "swiss"]
[EventRounds "7"]
[EventCountry "CAN"]

1. c4 Nf6 2. d4 g6 3. g3 Bg7 4. Bg2 O-O 5. Nc3 d6 6. Nf3 Nbd7 7. O-O e5 8. e4
exd4 9. Nxd4 c6 10. h3 Re8 11. Be3 Nc5 12. Qc2 a5 13. Rad1 Qe7 14. Rfe1 a4 15.
b4 axb3 16. axb3 Na6 17. Qd2 Nd7 18. Bf4 Ne5 19. Na4 Qc7 20. Kh2 Nc5 21. Nxc5
dxc5 22. Nf3 Nxf3+ 23. Bxf3 Qb6 24. Qc2 Be6 25. e5 Ra3 26. Re3 Rea8 27. Rd2 Bf5
28. Qb2 Qa5 29. g4 Be6 30. Red3 h6 31. Kg2 Kh7 32. Be4 Rc8 33. Rd6 Re8 34. Bb1
Qb4 35. R6d3 b5 36. Re2 bxc4 37. Bd2 Rxb3 38. Bxb4 Rxb2 39. Rxb2 cxb4 40. Re3
b3 41. f4 Bd5+ 42. Kf1 Bf8 43. h4 Bc5 44. Rg3 Bd4 45. Rd2 c3 46. Rxd4 c2 47.
Bxc2 bxc2 48. Rc3 Bb3 49. Rd6 c5 50. Rxc5 Ra8 51. Rdc6 Ra4 52. Kf2 Rxf4+ 53.
Kg3 Ra4 54. Rc3 Be6 55. Rxc2 Rxg4+ 56. Kh2 Rxh4+ 57. Kg3 Re4 58. R6c5 h5 59.
Rh2 Kh6 60. Kf3 Re1 61. Kf2 Ra1 62. Rc2 Ra5 63. Re2 g5 64. Re4 Kg6 65. Re2 Bg4
66. Re3 Kf5 67. Kg1 Ra1+ 68. Kf2 Kf4 69. Re1 Rxe1 70. Kxe1 Kxe5 71. Ra2 Kf4 72.
Kf2 Be6 73. Ra4+ Kf5 74. Ra5+ Kg6 75. Ra6 h4 76. Kg2 g4 77. Rb6 Kg5 78. Rb5+ f5
79. Ra5 Bc4 80. Rc5 Bd3 81. Ra5 Be4+ 82. Kh2 Bd3 83. Rc5 Kf4 84. Ra5 g3+ 85.
Kh3 Bf1+ 86. Kxh4 g2 87. Ra4+ Ke5 88. Ra5+ Ke6 0-1

[Event "Quebec-ch Amateur"]
[Site "Montreal CAN"]
[Date "2014.10.13"]
[Round "6"]
[White "Hirschberg, Valerian"]
[Black "Zhou, Qiyu"]
[Result "1/2-1/2"]
[WhiteElo "2319"]
[BlackElo "2111"]
[PlyCount "160"]
[EventDate "2014.10.10"]
[EventType "swiss"]
[EventRounds "7"]
[EventCountry "CAN"]

1. Nf3 Nf6 2. c4 g6 3. g3 Bg7 4. Bg2 O-O 5. d4 d6 6. Nc3 Nc6 7. O-O a6 8. h3
Bd7 9. e4 e5 10. dxe5 Nxe5 11. Nxe5 dxe5 12. Qe2 c6 13. c5 Qa5 14. Be3 Be6 15.
Qc2 Nd7 16. a3 Kh8 17. Rfd1 f5 18. Rd6 Rae8 19. b4 Qd8 20. Rad1 f4 21. Bc1 Rf7
22. Na4 Qg5 23. Nb2 Qh5 24. g4 Qh4 25. f3 Bf8 26. R6d3 h5 27. Qf2 Qe7 28. Rc3
hxg4 29. hxg4 Rh7 30. Nc4 Qg7 31. Nd6 Rb8 32. Bb2 Be7 33. Qc2 Qh6 34. Rcd3 Bf6
35. Nc4 Re8 36. Na5 Nf8 37. Bc3 Qh2+ 38. Kf1 Kg8 39. Qf2 Qh6 40. Qb2 Qg7 41.
Kf2 Bh4+ 42. Ke2 Bf6 43. Rh1 Rxh1 44. Bxh1 Qh7 45. Bg2 Qh2 46. Kf1 Re7 47. Qf2
Bh4 48. Qg1 Qg3 49. Ke2 Nh7 50. Be1 Qxe1+ 51. Qxe1 Bxe1 52. Kxe1 Rc7 53. Rd6
Kf7 54. Bf1 Ng5 55. Be2 Ke7 56. Kf2 Nf7 57. Rd1 Nd8 58. Bc4 Rd7 59. Rxd7+ Kxd7
60. Kg2 g5 61. Kf2 Kc7 62. Ke2 Kd7 63. Bxe6+ Kxe6 64. Kd3 Kd7 65. Kc4 Kc7 66.
Kc3 Kd7 67. a4 Kc7 68. Nc4 Nf7 69. Na3 Nd8 70. Nc4 Nf7 71. Kd3 Kd7 72. Na5 Kc7
73. Kc4 Nd8 74. b5 axb5+ 75. axb5 Ne6 76. Nb3 Kc8 77. Kb4 Kb8 78. Ka4 Ka8 79.
Kb4 Kb8 80. Ka4 Ka8 1/2-1/2

[Event "Quebec-ch Amateur"]
[Site "Montreal CAN"]
[Date "2014.10.13"]
[Round "6"]
[White "Le Duin, Thierry"]
[Black "Turcotte, Jonathan"]
[Result "0-1"]
[WhiteElo "2070"]
[BlackElo "2127"]
[PlyCount "64"]
[EventDate "2014.10.10"]
[EventType "swiss"]
[EventRounds "7"]
[EventCountry "CAN"]

1. d4 d5 2. Nf3 Nf6 3. c3 Bf5 4. Qb3 Qc8 5. Nh4 Be4 6. f3 Bxb1 7. Rxb1 e6 8. g4
h6 9. Ng2 c5 10. Bf4 Nc6 11. e3 g5 12. Bg3 h5 13. gxh5 Nxh5 14. Bf2 cxd4 15.
exd4 Bd6 16. h4 Ng3 17. Rh3 Nxf1 18. Kxf1 e5 19. Rh1 Qf5 20. Ke2 exd4 21. Bxd4
Nxd4+ 22. cxd4 O-O-O 23. hxg5 Qxg5 24. Ne3 Rxh1 25. Rxh1 Re8 26. Rc1+ Kb8 27.
Rc3 Qg2+ 28. Kd1 Qxf3+ 29. Kc2 Qe4+ 30. Kd1 Bf4 31. Ke2 Qxd4 32. Rd3 Rxe3+ 0-1

[Event "Quebec-ch Amateur"]
[Site "Montreal CAN"]
[Date "2014.10.13"]
[Round "6"]
[White "Libersan, Thierry"]
[Black "Abreu Cordero, Jose"]
[Result "0-1"]
[WhiteElo "2215"]
[BlackElo "2009"]
[PlyCount "207"]
[EventDate "2014.10.10"]
[EventType "swiss"]
[EventRounds "7"]
[EventCountry "CAN"]

1. e4 e5 2. Nf3 Nc6 3. Bb5 a6 4. Ba4 Nf6 5. O-O b5 6. Bb3 Be7 7. Re1 d6 8. c3
Na5 9. Bc2 c5 10. h3 Bb7 11. d4 Qc7 12. Nbd2 O-O 13. Nf1 Rfe8 14. Ng3 g6 15. d5
Nc4 16. Nh2 Bc8 17. Rf1 Bf8 18. b3 Nb6 19. f4 Bg7 20. f5 Rf8 21. Be3 c4 22. b4
Bd7 23. Qf3 a5 24. Qf2 Nc8 25. a3 axb4 26. axb4 Qb7 27. Ng4 Nxg4 28. hxg4 f6
29. Ra5 Rxa5 30. bxa5 Qa6 31. Ra1 Rf7 32. Bd1 g5 33. Ne2 Be8 34. Nc1 Bf8 35.
Ra3 Be7 36. Na2 Bd8 37. Nb4 Qa8 38. Kh2 Rb7 39. Kg3 Bb6 40. a6 Bxe3 41. Qxe3
Ra7 42. Bc2 Qb8 43. Kf2 Qb6 44. Qxb6 Nxb6 45. Ra5 Kf8 46. Ke3 Na8 47. Ra1 Nc7
48. Kd2 Bd7 49. Kc1 Bc8 50. Kb2 Nxa6 51. Ra5 Ra8 52. Rxb5 Nc5 53. Rb6 Ke7 54.
Nc6+ Kd7 55. Rb4 Bb7 56. Rxc4 Bxc6 57. dxc6+ Kxc6 58. Rb4 h5 59. gxh5 g4 60.
Kb1 Rh8 61. Bd1 Rxh5 62. Bxg4 Rh1+ 63. Kc2 d5 64. exd5+ Kxd5 65. Rb6 Rh2 66.
Bh3 Ne4 67. Kb3 Rh1 68. Kc2 Rf1 69. Rb8 Rf2+ 70. Kd3 Rd2+ 71. Ke3 Rc2 72. Rd8+
Nd6 73. Kd3 Rc1 74. Kd2 Rg1 75. Ke3 Rc1 76. Kd2 Ra1 77. Rd7 Ra2+ 78. Kd3 e4+
79. Ke3 Rc2 80. Rxd6+ Kxd6 81. Kd4 e3 82. Kxe3 Rxc3+ 83. Kd4 Ra3 84. Ke4 Ra4+
85. Kf3 Ke5 86. Kg3 Rc4 87. Kf3 Rc3+ 88. Kg4 Rc8 89. Kf3 Rc3+ 90. Kg4 Ke4 91.
Kh5 Rg3 92. Kh6 Kf4 93. Kh5 Rg8 94. Kh6 Kg3 95. Kh5 Rg5+ 96. Kh6 Kh4 97. Kh7
Kh5 98. Kh8 Rg3 99. Kh7 Kg5 100. Kg7 Rc3 101. Kh7 Re3 102. Kg7 Re7+ 103. Kg8
Kh6 104. Bg4 0-1

[Event "Quebec-ch Amateur"]
[Site "Montreal CAN"]
[Date "2014.10.13"]
[Round "6"]
[White "Prahov, Valentin"]
[Black "Zhu, Hong Rui"]
[Result "1/2-1/2"]
[WhiteElo "2269"]
[BlackElo "2193"]
[PlyCount "118"]
[EventDate "2014.10.10"]
[EventType "swiss"]
[EventRounds "7"]
[EventCountry "CAN"]

1. e4 c5 2. d4 cxd4 3. c3 g6 4. Nf3 Bg7 5. cxd4 d5 6. e5 Nc6 7. Nc3 Bg4 8. Be3
e6 9. Nb5 f6 10. Nd6+ Kf8 11. Nxb7 Qe7 12. exf6 Nxf6 13. Nc5 Bxf3 14. Qxf3 e5
15. dxe5 Nxe5 16. Qf4 Neg4 17. Qc7 Re8 18. Qxe7+ Rxe7 19. O-O-O Nxe3 20. fxe3
Bh6 21. Kb1 Bxe3 22. Nb3 Kg7 23. Be2 Rd8 24. Bf3 d4 25. Rd3 Red7 26. Nc5 Re7
27. Rhd1 Kf7 28. Nb3 Red7 29. Na5 Bf2 30. Nc6 Re8 31. Nxd4 Re1 32. Rxe1 Bxe1
33. Nc6 Rxd3 34. Ne5+ Ke6 35. Nxd3 Ba5 36. b4 Bc7 37. h3 Nd5 38. Kc2 a5 39. a3
axb4 40. axb4 Bd6 41. Kb3 Nb6 42. Kc3 Kf5 43. Kd4 Kg5 44. b5 Kf5 45. Bc6 h5 46.
Be8 h4 47. Bc6 g5 48. Bf3 Ke6 49. Ke4 Kf6 50. Bg4 Kg6 51. Ne5+ Kf6 52. Nd7+
Nxd7 53. Bxd7 Ke7 54. Bg4 Bc5 55. Kd5 Be3 56. Kc6 Kd8 57. b6 Bf2 58. b7 Bg3 59.
Kd5 Kc7 1/2-1/2

[Event "Quebec-ch Amateur"]
[Site "Montreal CAN"]
[Date "2014.10.13"]
[Round "7"]
[White "Abreu Cordero, Jose"]
[Black "Hirschberg, Valerian"]
[Result "0-1"]
[WhiteElo "2009"]
[BlackElo "2319"]
[PlyCount "116"]
[EventDate "2014.10.10"]
[EventType "swiss"]
[EventRounds "7"]
[EventCountry "CAN"]

1. e4 c5 2. Nf3 Nc6 3. Nc3 Nf6 4. d4 cxd4 5. Nxd4 e5 6. Ndb5 d6 7. Bg5 a6 8.
Na3 b5 9. Nd5 Be7 10. Bxf6 Bxf6 11. c3 Bg5 12. Nc2 Rb8 13. Bd3 O-O 14. h4 Bh6
15. Nce3 Bxe3 16. Nxe3 Ne7 17. Qd2 Be6 18. f3 Qb6 19. Bc2 Qc5 20. a3 a5 21. Ke2
Rfd8 22. Rhd1 d5 23. exd5 Nxd5 24. Nxd5 Bxd5 25. Qe3 Qc4+ 26. Bd3 Qb3 27. Rd2
Bc4 28. Bxc4 Qxc4+ 29. Kf2 Qxh4+ 30. Kg1 Rxd2 31. Qxd2 Rd8 32. Qe2 h6 33. Rf1
Qg5 34. Rd1 Rxd1+ 35. Qxd1 a4 36. Kf2 Qh4+ 37. Ke2 Qc4+ 38. Kf2 Qc5+ 39. Ke2 g6
40. Qd2 Kg7 41. Kd3 Qd5+ 42. Kc2 Qxd2+ 43. Kxd2 Kf6 44. Kd3 Ke6 45. c4 bxc4+
46. Kxc4 f5 47. b3 axb3 48. Kxb3 Kd5 49. a4 h5 50. a5 g5 51. Kc3 h4 52. Kd3 g4
53. fxg4 fxg4 54. Ke3 h3 55. gxh3 gxh3 56. Kf2 e4 57. a6 Kc6 58. Kg3 e3 0-1

[Event "Quebec-ch Amateur"]
[Site "Montreal CAN"]
[Date "2014.10.13"]
[Round "7"]
[White "Bouchard, Jean-Marc"]
[Black "Prahov, Valentin"]
[Result "0-1"]
[WhiteElo "1957"]
[BlackElo "2269"]
[PlyCount "50"]
[EventDate "2014.10.10"]
[EventType "swiss"]
[EventRounds "7"]
[EventCountry "CAN"]

1. Nf3 Nf6 2. g3 g6 3. Bg2 d5 4. d4 Bg7 5. O-O O-O 6. c4 c6 7. cxd5 cxd5 8. Nc3
Nc6 9. Ne5 e6 10. Nxc6 bxc6 11. Na4 Nd7 12. Bf4 Ba6 13. Bd6 Re8 14. Nc5 Nxc5
15. Bxc5 e5 16. dxe5 Bxe5 17. Qc2 Qf6 18. Rab1 Rab8 19. b4 Rb7 20. Bf3 Bc4 21.
Rfd1 h5 22. h4 g5 23. hxg5 Qxg5 24. Kg2 h4 25. Rh1 Bxg3 0-1

[Event "Quebec-ch Amateur"]
[Site "Montreal CAN"]
[Date "2014.10.13"]
[Round "7"]
[White "Gauthier, Denis"]
[Black "Gueorguiev, Valentin"]
[Result "1/2-1/2"]
[WhiteElo "1881"]
[BlackElo "1922"]
[PlyCount "113"]
[EventDate "2014.10.10"]
[EventType "swiss"]
[EventRounds "7"]
[EventCountry "CAN"]

1. d4 g6 2. c4 Bg7 3. Nc3 c5 4. d5 d6 5. e4 Qa5 6. Qc2 Nf6 7. Bd3 Na6 8. Nge2
Nb4 9. Qb1 Nxd3+ 10. Qxd3 O-O 11. O-O a6 12. Bd2 Qc7 13. Bf4 Ng4 14. Qd2 Ne5
15. b3 Re8 16. Rad1 Rb8 17. Bg3 b5 18. f4 Ng4 19. h3 b4 20. Na4 Nf6 21. Qe3 Bd7
22. e5 Nh5 23. Bh2 f5 24. Nb2 a5 25. Nd3 Ra8 26. Qf3 Bh8 27. g4 Ng7 28. e6 Bc8
29. Ng3 Rf8 30. gxf5 Nxf5 31. Nxf5 Rxf5 32. Nf2 Bb7 33. Ng4 Bg7 34. Ne3 Rf6 35.
Qg4 a4 36. Bg3 axb3 37. axb3 h5 38. Qe2 Ra3 39. Qd3 Qd8 40. Bh4 Qe8 41. Rd2 g5
42. Bxg5 Qg6 43. h4 Qxd3 44. Rxd3 Ba6 45. Rf2 Kh7 46. Kg2 Bb7 47. Nf1 Rxe6 48.
Ng3 Bd4 49. Re2 Rxe2+ 50. Nxe2 Ra2 51. Kf3 e6 52. Nxd4 cxd4 53. Rxd4 exd5 54.
cxd5 Rb2 55. Rd3 Bxd5+ 56. Ke3 Bxb3 57. Be7 1/2-1/2

[Event "Quebec-ch Amateur"]
[Site "Montreal CAN"]
[Date "2014.10.13"]
[Round "7"]
[White "Jacquet, Stephane"]
[Black "Le Duin, Thierry"]
[Result "0-1"]
[WhiteElo "2030"]
[BlackElo "2070"]
[PlyCount "130"]
[EventDate "2014.10.10"]
[EventType "swiss"]
[EventRounds "7"]
[EventCountry "CAN"]

1. d4 Nf6 2. Nc3 d5 3. Bg5 e6 4. e4 dxe4 5. Nxe4 Be7 6. Bxf6 Bxf6 7. Nf3 O-O 8.
c3 b6 9. Qc2 Bb7 10. Bd3 g6 11. O-O-O a5 12. h4 Ba6 13. Nxf6+ Qxf6 14. Be4 Ra7
15. Ne5 c5 16. Ng4 Qf4+ 17. Ne3 Rd7 18. g3 Qh6 19. dxc5 Rxd1+ 20. Rxd1 bxc5 21.
Kb1 Qh5 22. c4 f5 23. Bg2 f4 24. gxf4 Qxh4 25. Qe4 Qxf4 26. Qxe6+ Kg7 27. Bd5
Qf6 28. Qh3 Bc8 29. Qg3 Qf4 30. Qxf4 Rxf4 31. f3 h5 32. Rg1 Kh6 33. Be4 Bf5 34.
Nxf5+ gxf5 35. Bd5 Nd7 36. b3 Ne5 37. Rg3 h4 38. Rh3 Kg5 39. Kb2 Rd4 40. Ka3
Nd3 41. Bb7 Nf4 42. Rh2 h3 43. Ka4 Kh4 44. Kxa5 Kg3 45. Rh1 Kg2 46. Ra1 h2 47.
Kb5 Rd2 48. a4 Rf2 49. a5 Rf1 50. Rxf1 Kxf1 51. a6 h1=Q 52. a7 Ne6 53. Kb6 Qh7
54. a8=Q Qc7+ 55. Ka7 Nd4 56. Qc8 Qxc8 57. Bxc8 f4 58. Bb7 Ke2 59. Kb6 Nxb3 60.
Kb5 Kd3 61. Bd5 Kd4 62. Ba8 Nd2 63. Bd5 Nb1 64. Bg8 Na3+ 65. Kc6 Nxc4 0-1

[Event "Quebec-ch Amateur"]
[Site "Montreal CAN"]
[Date "2014.10.13"]
[Round "7"]
[White "Sambuev, Bator"]
[Black "Yu, Zong Yang"]
[Result "1/2-1/2"]
[WhiteElo "2569"]
[BlackElo "2321"]
[PlyCount "106"]
[EventDate "2014.10.10"]
[EventType "swiss"]
[EventRounds "7"]
[EventCountry "CAN"]

1. d4 Nf6 2. c4 e6 3. Nc3 Bb4 4. e3 O-O 5. Bd3 d5 6. a3 Bxc3+ 7. bxc3 dxc4 8.
Bxc4 c5 9. Ne2 Qc7 10. Bd3 e5 11. O-O Nc6 12. e4 cxd4 13. cxd4 Nxd4 14. Nxd4
exd4 15. f4 Qc3 16. Rb1 Bg4 17. Qd2 Nd7 18. Qxc3 dxc3 19. Be3 Rfc8 20. Rfc1 Nc5
21. Bxc5 Rxc5 22. Rxb7 Rd8 23. f5 g6 24. Bc2 gxf5 25. h3 Be2 26. exf5 Bd3 27.
Bb3 Bxf5 28. Rxf7 Kh8 29. Bc2 Bxc2 30. Rxc2 a5 31. Rf3 Rdc8 32. Kf2 Kg7 33. Ke2
h5 34. g3 Kg6 35. Kd1 R8c6 36. Kc1 Rc7 37. g4 hxg4 38. Rg2 c2 39. Rxg4+ Rg5 40.
Rfg3 Rxg4 41. Rxg4+ Kh5 42. Rd4 Rc5 43. Rd2 Rc3 44. Rd5+ Kg6 45. Rxa5 Rxh3 46.
Kxc2 Kf6 47. a4 Ke6 48. Rb5 Kd6 49. a5 Kc6 50. Rb6+ Kc7 51. Rb3 Rxb3 52. Kxb3
Kb7 53. a6+ Kxa6 1/2-1/2

[Event "Quebec-ch Amateur"]
[Site "Montreal CAN"]
[Date "2014.10.13"]
[Round "7"]
[White "Turcotte, Jonathan"]
[Black "Libersan, Thierry"]
[Result "1-0"]
[WhiteElo "2127"]
[BlackElo "2215"]
[PlyCount "80"]
[EventDate "2014.10.10"]
[EventType "swiss"]
[EventRounds "7"]
[EventCountry "CAN"]

1. d4 Nf6 2. Nf3 g6 3. c4 Bg7 4. Nc3 O-O 5. e4 d6 6. Be2 e5 7. O-O Nc6 8. d5
Ne7 9. b4 Ne8 10. c5 f5 11. Ng5 Kh8 12. f3 a5 13. Ba3 Bh6 14. h4 Ng8 15. bxa5
Rxa5 16. Bb4 Ra8 17. cxd6 cxd6 18. Nb5 Bd7 19. a4 Ngf6 20. Qc1 Kg8 21. Nxd6 Nh5
22. Nb5 Nf4 23. Bc4 Bxg5 24. hxg5 Qxg5 25. d6+ Kg7 26. Qb2 Kh6 27. Rfe1 Nf6 28.
exf5 gxf5 29. Bf1 e4 30. Ra3 Rg8 31. Bd2 e3 32. Bxe3 N6d5 33. Bc1 Kh5 34. Nc7
Qh4 35. g4+ fxg4 36. Re5+ Kh6 37. Qh2 gxf3+ 38. Kh1 Qxh2+ 39. Kxh2 Rxa4 40.
Rxa4 Nxc7 1-0

[Event "Quebec-ch Amateur"]
[Site "Montreal CAN"]
[Date "2014.10.13"]
[Round "7"]
[White "Zhou, Qiyu"]
[Black "Bolduc, Steve"]
[Result "0-1"]
[WhiteElo "2111"]
[BlackElo "2292"]
[PlyCount "54"]
[EventDate "2014.10.10"]
[EventType "swiss"]
[EventRounds "7"]
[EventCountry "CAN"]

1. e4 e5 2. Nf3 Nf6 3. Nxe5 d6 4. Nf3 Nxe4 5. d4 d5 6. Bd3 Nc6 7. O-O Be7 8.
Re1 Bg4 9. c3 f5 10. Nbd2 O-O 11. Qc2 Rf6 12. Ne5 Nxe5 13. dxe5 Rg6 14. f3 Bc5+
15. Kf1 Qh4 16. Nb3 Bxf3 17. Nxc5 Rxg2 18. Bxe4 Rxc2 19. Bxc2 Qxh2 20. Re3 Qg2+
21. Ke1 f4 22. Rxf3 Qxf3 23. Bf5 Re8 24. Nd7 Re7 25. Kd2 Qh5 26. Nf6+ gxf6 27.
exf6 Qe2# 0-1

[Event "Quebec-ch Amateur U1700"]
[Site "Montreal CAN"]
[Date "2014.10.11"]
[Round "2"]
[White "Le Bas, Nicolas"]
[Black "Breton, Jules"]
[Result "1-0"]
[WhiteElo "1609"]
[BlackElo "1307"]
[PlyCount "191"]
[EventDate "2014.10.10"]
[EventType "swiss"]
[EventRounds "7"]
[EventCountry "CAN"]

1. e4 e6 2. d4 d5 3. Nc3 c5 4. Nf3 a6 5. Be3 Nc6 6. Qd2 c4 7. exd5 exd5 8. b3
Be6 9. Ng5 Bb4 10. a3 Bxc3 11. Qxc3 cxb3 12. Nxe6 fxe6 13. Qxb3 Qc7 14. Be2 Nf6
15. O-O O-O 16. Rfc1 Rac8 17. Rab1 Rf7 18. Qb6 h6 19. c4 g5 20. Qb2 Qd8 21. h4
Nh7 22. h5 Nf6 23. g4 Na5 24. c5 Nc4 25. Bxc4 dxc4 26. f3 Nd5 27. Qe2 Nxe3 28.
Qxe3 Qd5 29. Kg2 Rcf8 30. Rc3 Rf4 31. Kg3 Rxd4 32. Rb6 Rd3 33. Rxd3 cxd3 34.
Rd6 Qc4 35. Rxd3 Qf4+ 36. Qxf4 gxf4+ 37. Kf2 Rf7 38. Ke2 Rc7 39. Rc3 Kf7 40.
Kd3 Kf6 41. Ke4 Rc6 42. Kxf4 b6 43. Ke4 bxc5 44. f4 a5 45. Rc4 Rc8 46. Kd3 e5
47. f5 Kg5 48. Re4 Kf6 49. Kc4 Rc7 50. Kb5 Rc8 51. Rc4 Kg5 52. a4 Re8 53. Re4
Rc8 54. Kc4 Kf6 55. Kd5 Kg5 56. Kxe5 c4 57. Kd5 c3 58. Re1 c2 59. Rc1 Kxg4 60.
Ke5 Re8+ 61. Kf6 Rf8+ 62. Kg6 Rg8+ 63. Kxh6 Kxf5 64. Rxc2 Kf6 65. Rf2+ Ke5 66.
Rf7 Ke6 67. Rg7 Rf8 68. Kg6 Rf6+ 69. Kh7 Rf4 70. h6 Rf8 71. Ra7 Kf6 72. Rxa5
Re8 73. Ra7 Rf8 74. a5 Ke6 75. Kg7 Rf3 76. h7 Rg3+ 77. Kf8 Rh3 78. Rg7 Rh5 79.
Kg8 Rxa5 80. h8=Q Ra8+ 81. Kh7 Rxh8+ 82. Kxh8 Kf6 83. Ra7 Kg6 84. Ra6+ Kf7 85.
Kh7 Ke7 86. Kg6 Kd7 87. Kf5 Kc7 88. Rh6 Kd7 89. Ke5 Ke7 90. Rh7+ Kf8 91. Ke6
Kg8 92. Ra7 Kf8 93. Rb7 Kg8 94. Kf6 Kh8 95. Kg6 Kg8 96. Rb8# 1-0

[Event "Quebec-ch Amateur U1700"]
[Site "Montreal CAN"]
[Date "2014.10.11"]
[Round "3"]
[White "Diaz, Aleksei"]
[Black "Mongeau, Melissa"]
[Result "1-0"]
[WhiteElo "1415"]
[BlackElo "1480"]
[PlyCount "59"]
[EventDate "2014.10.10"]
[EventType "swiss"]
[EventRounds "7"]
[EventCountry "CAN"]

1. d4 d5 2. c4 e6 3. Nc3 Nf6 4. Bg5 Be7 5. e3 Nbd7 6. Nf3 h6 7. Bf4 a6 8. Rc1
O-O 9. cxd5 exd5 10. Bd3 c6 11. O-O Nh5 12. Be5 Nxe5 13. Nxe5 Nf6 14. Bb1 Bd6
15. Qd3 Re8 16. f4 Bc7 17. h3 h5 18. Rf3 h4 19. g4 hxg3 20. Rxg3 Nd7 21. Ne4
dxe4 22. Qxe4 Qh4 23. Qg2 Qf6 24. Kh2 Kf8 25. Rg1 g6 26. Bxg6 fxg6 27. Rxg6 Qd8
28. Rg8+ Ke7 29. Qg7+ Kd6 30. Nf7+ 1-0

[Event "Quebec-ch Amateur U1700"]
[Site "Montreal CAN"]
[Date "2014.10.11"]
[Round "3"]
[White "Durette, Francis"]
[Black "Ju, Lawrence"]
[Result "1/2-1/2"]
[WhiteElo "1667"]
[BlackElo "1428"]
[PlyCount "38"]
[EventDate "2014.10.10"]
[EventType "swiss"]
[EventRounds "7"]
[EventCountry "CAN"]

1. e4 c5 2. Nf3 Nc6 3. d4 cxd4 4. Nxd4 Nf6 5. Nc3 g6 6. Be3 Bg7 7. f3 O-O 8.
Qd2 Qb6 9. Ne6 Qxb2 10. Rb1 Nxe4 11. Rxb2 Nxd2 12. Nxg7 Nxf1 13. Bh6 Ne3 14.
Bxe3 Kxg7 15. O-O e6 16. Ne4 b6 17. Nf2 Bb7 18. Ng4 Kh8 19. Bg5 h5 1/2-1/2

[Event "Quebec-ch Amateur U1700"]
[Site "Montreal CAN"]
[Date "2014.10.12"]
[Round "5"]
[White "Diaz, Aleksei"]
[Black "Lamoureux, Yvon"]
[Result "1-0"]
[WhiteElo "1415"]
[BlackElo "1680"]
[PlyCount "77"]
[EventDate "2014.10.10"]
[EventType "swiss"]
[EventRounds "7"]
[EventCountry "CAN"]

1. d4 Nf6 2. c4 c5 3. Nf3 g6 4. Nc3 cxd4 5. Nxd4 Bg7 6. e4 Nc6 7. Be3 d6 8. Be2
O-O 9. O-O Nxd4 10. Bxd4 Be6 11. f3 b6 12. Qd2 Rc8 13. b3 Ne8 14. f4 Bxd4+ 15.
Qxd4 a6 16. f5 Bd7 17. Nd5 Rb8 18. Rad1 Bc6 19. e5 Bxd5 20. Qxd5 Qc7 21. exd6
Qxd6 22. Qxd6 Nxd6 23. f6 Nf5 24. fxe7 Nxe7 25. Rd7 Nc6 26. Rd6 Ne5 27. Rff6
Rfd8 28. Kf2 Rxd6 29. Rxd6 Kf8 30. c5 bxc5 31. Rd5 Nc6 32. Rxc5 Nb4 33. a3 Na2
34. Rc2 Nb4 35. axb4 Rxb4 36. Bc4 a5 37. Ra2 f5 38. Rxa5 h5 39. Rb5 1-0

[Event "Quebec-ch Amateur U2000"]
[Site "Montreal CAN"]
[Date "2014.10.10"]
[Round "1"]
[White "Desjardins, Michel"]
[Black "Alcantara, Maximo jr"]
[Result "1/2-1/2"]
[WhiteElo "1838"]
[BlackElo "1702"]
[PlyCount "65"]
[EventDate "2014.10.10"]
[EventType "swiss"]
[EventRounds "7"]
[EventCountry "CAN"]

1. e4 c6 2. d4 d5 3. exd5 cxd5 4. Bd3 Nc6 5. c3 Nf6 6. Bf4 e6 7. Nd2 Bd6 8.
Bxd6 Qxd6 9. Ngf3 a6 10. O-O O-O 11. Re1 b5 12. a3 Bb7 13. Ne5 Nd7 14. Ndf3
Ndxe5 15. Nxe5 Nxe5 16. dxe5 Qxe5 17. Qh5 g6 18. Qh4 Rfe8 19. Re3 Qg7 20. Qf4
Qf8 21. Rae1 Qg7 22. h4 Rf8 23. h5 g5 24. Qg4 h6 25. f4 Kh8 26. f5 exf5 27.
Bxf5 Bc8 28. Bxc8 Raxc8 29. Qf5 Rc7 30. Qd3 Re7 31. Qxd5 Rxe3 32. Qf5 Kg8 33.
Rxe3 1/2-1/2